Programación en Java 2 : algoritmos estructuras de datos y programación orientada a objetos
| Main Author: | |
|---|---|
| Format: | Section = Libro |
| Language: | Undetermined Spanish |
| Published: |
Nicaragua
[s.e.]
2014
|
| Subjects: |
| LEADER | 00589nam a2200193Ia 4500 | ||
|---|---|---|---|
| 008 | 240830s9999 xx 000 0 und d | ||
| 040 | |a B-ESTELÍ- RUACS / 005.1 J88 | ||
| 041 | |a spa | ||
| 082 | |a 005.1 J88 | ||
| 100 | 1 | |a Martínez, Felipe | |
| 245 | 1 | 0 | |a Programación en Java 2 : algoritmos estructuras de datos y programación orientada a objetos |
| 260 | |a Nicaragua |b [s.e.] |c 2014 | ||
| 300 | |a 30 p.: il. | ||
| 650 | 7 | |a BUENAS PRACTICAS GANADERAS | |
| 650 | 7 | |b BIOGAS- PRODUCCION- NICARAGUA | |
| 650 | 7 | |c APROVECHAMIENTO DE RESIDUOS | |
| 942 | |c BK |2 ddc | ||
| 991 | |a TEXTO | ||
| 999 | |c 10551 | ||